000 00660cam a2200241 a 4500
001 550225
005 20180205072905.0
008 881014t19891988nyu 000 1 eng
010 _a 88040378
020 _a0679720200
040 _aDLC
_cDLC
_dDLC
_dOCoLC
_dDLC
041 1 _aeng
043 _af-ae---
080 _a843..914 alb
082 0 0 _a843..914 alb
_219
100 1 _a45
101 _apsi
240 1 0 _aÉtranger.
_lEnglish
245 1 4 _aThe stranger /
_cAlbert Camus ; translated from the French by Matthew Ward.
906 _a7
_bcbc
_corignew
_d1
_eocip
_f19
_gy-gencatlg
942 _2ddc
_cBK
999 _c41768
_d41768